000 00818nam a2200193 i 4500
001 87374
003 ES-MaACL
007 t|
008 041221s1932 sp ||||1| spa d
100 1 _aKohlmann, Gerd.
_968487
245 1 0 _aTratado general de diagnóstico y terapeútica roentgénicos /
_cpor Gerd Kohlmann ; con la colaboracion de Ernesto andersen ... [et al.] ; traducido del alemán por Francisco J. Cortada y Pastells.
250 _a1ª ed.
260 _aBarcelona :
_bFrancisco Seix,
_c1932 (
_fGráfica Moderna de Lorenzo Cortina)
300 _aXVII, 1003 p., 8 lám. :
_bil. ;
_c24 cm.
500 _aCon un apéndice acerca del empleo terapeútico de las substancias radioactivas.
700 1 _aAndersen, Ernesto.
_921433
700 1 _aCortada y Pastells, J.
_940811
852 _aES-MaACL
_jE-596
_bR.21524
999 _c87374
_d87374